000 00649nam a2200241Ia 4500
003 OSt
005 20220924114806.0
006 a|||||r|||| 00| 0
007 ta
008 220923b |||||||| |||| 00| 0 ara d
024 _a266355
037 _cTextual
040 _aARTS
_cARTS
_bara
041 _2ara
_aara
082 _aO28v54,I1, K6
100 _aJaudat al Raqabi Au.
_9175408
245 0 _aFi al adab al endlisi
260 _aCairo
_bDarul Maref Egypt
_c1966
300 _a383p.
_ccm.
650 _aARABIC LITERATURE
942 _hO28v54,I1, K6
_cTEXL
_2CC
999 _c395315
_d395315